01020nas a2200265Ia 4500001001100000003000900011008004100020040001300061040001300074041001300087100005100100210002600151222002600177245009000203250001100293260003200304501008600336300001800422362002600440500015700466650004300623700002000666700001500686700005300701R119/44941IT-RoPAU151124c99999999xx |||||||||||| ||und|| aIT-RoPAU cIT-RoPAU aITALIANO aBruzzone MariagraziagCodice Aut. SPICS: 8732 aIKON-QUADERNI DI IKON aIkon-Quaderni Di Ikon aIKON, ANNO 02-N.03 (1979)bProduttivita' In Televisione (La): I Fattori di Produzione a1a ed. aMILANObANGELI FRANCOc1979 bPaulus - SPICS - Società San Paolo EM (non-commercial uses only)cCopyright2015 a24 p. [70-93] aANNO 002, N.03 (1979) aStrutture Produttive, Strutture di Controllo, Strutture di Commercializzazione, Strutture Promozionali, Strutture di Controllo della Risposta. Processi. aCOMUNICAZIONEvPUBBLICAZIONE PERIODICA aStucchi Gaetano aWolf Mauro gCodice Aut. SPICS: 949Codice Aut. SPICS: 422